Statistics for 2023 NBA FIBA BASKETBALL PLAYER QUIZ

Click here to take the quiz!

General Stats

  • This quiz has been taken 27 times
  • The average score is 29 of 44

Answer Stats

HintAnswer% Correct
USA - Grizzlies (F)Jaren Jackson Jr.
87%
Dominican Republic - Timberwolves (PF)Karl-Anthony Towns
87%
Greece - Bucks (PF)Thanasis Antetokounmpo
87%
USA - Lakers (SG)Austin Reaves
83%
Germany - Magic (SF)Franz Wagner
83%
USA - Knicks (PG)Jalen Brunson
83%
Lithuania - Pelicans (C)Jonas Valančiūnas
83%
Finland - Jazz (F)Lauri Markkanen
83%
USA - Nets (F)Mikal Bridges
83%
Germany - Magic (F/C)Moritz Wagner
83%
France - Timberwolves (C)Rudy Gobert
83%
USA - Pacers (G)Tyrese Haliburton
83%
USA - Timberwolves (G)Anthony Edwards
78%
USA - Pelicans (F)Brandon Ingram
78%
Canada - Thunder (G)Shai Gilgeous-Alexander
78%
USA - Jazz (C)Walker Kessler
78%
Serbia - Hawks (SG)Bogdan Bogdanović
74%
USA - Nets (F)Cameron Johnson
74%
Germany - Raptors (PG)Dennis Schröder
74%
Philippines - Jazz (G)Jordan Clarkson
74%
Australia - Thunder (PG)Josh Giddey
74%
USA - Magic (PF)Paolo Banchero
74%
Canada - Mavericks (C)Dwight Powell
70%
France - Knicks (G/F)Evan Fournier
70%
Slovenia - Mavericks (G)Luka Dončić
70%
USA - Bucks (C)Bobby Portis
65%
Canada - Timberwolves (SG)Nickeil Alexander-Walker
65%
Montenegro - Bulls (C)Nikola Vučević
65%
Japan - Suns (SF)Yuta Watanabe
65%
Canada - Rockets (SF)Dillon Brooks
61%
Serbia - Heat (PF)Nikola Jović
61%
Canada - Knicks (SG)RJ Barrett
61%
Canada - Thunder (G/F)Luguentz Dort
57%
France - Clippers (F)Nicolas Batum
57%
USA - Knicks (SF)Josh Hart
52%
China - Timberwolves (SF)Kyle Anderson
52%
Australia - Mavericks (G/F)Josh Green
48%
Australia - Hawks (PG)Patty Mills
48%
Latvia - Thunder (PF)Dāvis Bertāns
43%
Canada - Jazz (PF)Kelly Olynyk
43%
Spain - Grizzlies (C)Santi Aldama
43%
South Sudan - Lakers (PF)Wenyen Gabriel
35%
Australia - Magic (SF)Joe Ingles
26%
Australia - Blazers (SF)Matisse Thybulle
22%

Score Distribution

Percentile by Number Answered

Percent of People with Each Score

Your Score History

You have not taken this quiz